000 00518nam a2200193 a 4500
001 16119
003 CO-ViMGA
008 141112s2004 ck r 000 u spa d
020 _a847672909X
040 _aCO-ViMGA
_bspa
_cCO-ViMGA
082 0 4 _a832 G637f
100 1 _aGoethe, Johann Wolfgang
_94543
245 1 0 _aFausto
260 _aBarcelona (España) :
_bEdicomunicación s.a.1999
300 _a349.p.
590 _aForma de adquisición : Premio - Mincultura
650 1 4 _aTEATRO ALEMAN
_93395
942 _2ddc
_cBK
999 _c26044
_d26044